Normal view
MARC view
- ندوة هاشم ياغي (2009): عمان - الاردن، مؤسسة عبد الحميد شومان؛ مراجعة وتقديم خليل الشيخ
Entry Personal Name
001 - CONTROL NUMBER
- control field: 46296
003 - CONTROL NUMBER IDENTIFIER
- control field: JO-AjAnu
005 - DATE AND TIME OF LATEST TRANSACTION
- control field: 20230606081642.0
008 - FIXED-LENGTH DATA ELEMENTS
- fixed length control field: 230606|| aca||aabn | a|a d
040 ## - CATALOGING SOURCE
- Original cataloging agency: JO-AjAnu
- Transcribing agency: JO-AjAnu
100 ## - HEADING--PERSONAL NAME
- Personal name: ندوة هاشم ياغي (2009): عمان - الاردن، مؤسسة عبد الحميد شومان؛ مراجعة وتقديم خليل الشيخ
670 ## - SOURCE DATA FOUND
- Source citation: Work cat.: (JO-AjAnu)23697: ندوة هاشم ياغي (2009): عمان - الاردن، مؤسسة عبد الحميد شومان؛ مراجعة وتقديم خليل الشيخ, author, هاشم ياغي: أكاديميا، وناقدا، وإنسانا